MARC

LEADER 00000nam0a2200000 4500
001 27352
005 20231030202135.0
010 |a 5832100662 
035 |a (RuTPU)RU\TPU\book\27601 
035 |a BOOK00027676 
090 |a 27352 
100 |a 20011209d2000 m y0rusy50 ca 
101 0 |a rus 
102 |a RU 
105 |a a j 000zy 
200 1 |a Тонкости программирования на Delphi  |f В. Кучеренко 
210 |a Москва  |c Познавательная книга  |d 2000 
215 |a 192 с.  |c ил. 
225 1 |a Кратко. Доступно. Просто 
610 1 |a программирование 
610 1 |a среда программирования 
610 1 |a Delphi 
610 1 |a Borland Delphi 
610 1 |a учебные пособия 
675 |a 681.3.066(07)  |v 3 
700 1 |a Кучеренко  |b В.  |g Василий 
801 0 |a RU  |b 63413507  |c 20011209  |g PSBO 
801 2 |a RU  |b 63413507  |c 20120720  |g RCR 
942 |c BK